| 000 | 00945nam a22002537a 4500 | ||
|---|---|---|---|
| 005 | 20260422125750.0 | ||
| 008 | 260422s2026 ag ||||| |||| 00| 0 spa d | ||
| 020 |
_aSentencia TI 20/26 Fecha 21/04/26 _bSEN |
||
| 110 |
_aTribunal de Impugnación _91 |
||
| 245 | 1 | 1 |
_a" CERDA SILVESTRE JOEL EDEOPOLDO S/ABUSO SEXUAL" / _cTribunal de Impugnación |
| 300 |
_a29 p. _bpdf |
||
| 518 | _a21/04/26 | ||
| 653 | _aABUSO SEXUAL | ||
| 653 | _aART 119 1ER PÁRRAFO Y ART 45 CP | ||
| 653 | _aVÍCTIMA NIÑA MENOR DE EDAD | ||
| 653 | _aVALORACIÓN INTEGRAL Y ARMÓNICA DE LA PRUEBA | ||
| 653 | _aART 21 CPP | ||
| 700 |
_aTrincheri, Walter Richard _98 |
||
| 700 | 1 |
_aPatricia Romina Lupica Cristo _948 |
|
| 700 |
_aJuan Jose Nazareno Eulogio _942 |
||
| 774 | _aLEG 46759/ 2.024 | ||
| 856 |
_uhttp://jurispenal.jusneuquen.gov.ar/cgi-bin/koha/opac-retrieve-file.pl?id=df1ab35afe46ce52f5eb4a8a74322ff4 _yTexto completo Sentencia TI |
||
| 942 |
_2ddc _cSEN |
||
| 999 |
_c1274 _d1274 |
||